[Event "SLO-ch U16 Girls"]
[Site "Murska Sobota"]
[Date "2007.03.01"]
[Round "8"]
[White "Vidrih, Jana"]
[Black "Topic, Ivana"]
[Result "1-0"]
[WhiteElo "1613"]
[BlackElo "1500"]
[PlyCount "57"]
[EventDate "2007.02.25"]
[EventType "tourn"]
[EventRounds "9"]
[EventCountry "SLO"]
[SourceTitle "CBM 117 Extra"]
[Source "ChessBase"]
[SourceDate "2007.05.09"]
[SourceVersion "1"]
[SourceVersionDate "2007.05.09"]
[SourceQuality "1"]

1. d4 d5 2. Nf3 Nc6 3. Bf4 Nf6 4. e3 e6 5. Nbd2 Bd6 6. Bg3 0-0 7. c3 Ne7 8. Bd3 Nh5 9. Qc2 Ng6 10. Bxg6 fxg6 11. Bxd6 Qxd6 12. Ne5 Nf6 13. 0-0 Nd7 14. Ndf3 Nxe5 15. Nxe5 c5 16. b3 b6 17. Qe2 Bd7 18. Qg4 Be8 19. Rac1 cxd4 20. cxd4 Bb5 21. Rfd1 Rac8 22. h3 Rxc1 23. Rxc1 Qa3 24. Qxe6+ Kh8 25. Rc8 Qb4 26. Nf7+ Kg8 27. Nh6+ Kh8 28. Qg8+ Rxg8 29. Nf7# 1-0

[Event "SLO-ch U16 Girls"]
[Site "Murska Sobota"]
[Date "2007.02.26"]
[Round "2"]
[White "Topic, Ivana"]
[Black "Drame, Sasa"]
[Result "0-1"]
[WhiteElo "1500"]
[BlackElo "1764"]
[PlyCount "40"]
[EventDate "2007.02.25"]
[EventType "tourn"]
[EventRounds "9"]
[EventCountry "SLO"]
[SourceTitle "CBM 117 Extra"]
[Source "ChessBase"]
[SourceDate "2007.05.09"]
[SourceVersion "1"]
[SourceVersionDate "2007.05.09"]
[SourceQuality "1"]

1. e4 c5 2. Nf3 d6 3. d4 cxd4 4. Nxd4 Nf6 5. Nc3 g6 6. f3 Bg7 7. Be3 0-0 8. Qd2 Nc6 9. 0-0-0 d5 10. Nxc6 bxc6 11. g4 e6 12. h4 Qc7 13. h5 Nd7 14. Bh6 Bxh6 15. Qxh6 Ne5 16. hxg6 fxg6 17. Rh3 Rxf3 18. Rxf3 Nxf3 19. Bg2 Ne5 20. Qf4 Nd3+ 0-1

[Event "SLO-ch U16 Girls"]
[Site "Murska Sobota"]
[Date "2007.02.25"]
[Round "1"]
[White "Bucar, Natasa"]
[Black "Topic, Ivana"]
[Result "1-0"]
[WhiteElo "1763"]
[BlackElo "1500"]
[PlyCount "61"]
[EventDate "2007.02.25"]
[EventType "tourn"]
[EventRounds "9"]
[EventCountry "SLO"]
[SourceTitle "CBM 117 Extra"]
[Source "ChessBase"]
[SourceDate "2007.05.09"]
[SourceVersion "1"]
[SourceVersionDate "2007.05.09"]
[SourceQuality "1"]

1. e4 c5 2. Nf3 d6 3. d4 cxd4 4. Nxd4 Nf6 5. Nc3 a6 6. Be3 e5 7. Nb3 Be7 8. f3 0-0 9. Qd2 b5 10. 0-0-0 Bd7 11. g4 Qc7 12. h4 Qb7 13. h5 b4 14. Ne2 a5 15. g5 Ne8 16. Kb1 a4 17. Nbc1 Be6 18. Bh3 Bc4 19. b3 axb3 20. cxb3 Bb5 21. Ng3 Nc6 22. Nf5 Bd8 23. g6 fxg6 24. hxg6 hxg6 25. Nxd6 Nxd6 26. Qxd6 Rf6 27. Be6+ Rf7 28. Qd5 Ra6 29. Bxf7+ Qxf7 30. Rh8+ Kxh8 31. Qxf7 1-0

[Event "SLO-ch U14 Girls"]
[Site "Murska Sobota"]
[Date "2006.02.27"]
[Round "3"]
[White "Frlez, Patricija"]
[Black "Topic, Ivana"]
[Result "1-0"]
[WhiteElo "1500"]
[BlackElo "1500"]
[PlyCount "55"]
[EventDate "2006.02.26"]
[EventType "swiss"]
[EventRounds "9"]
[EventCountry "SLO"]
[SourceTitle "EXT 2009"]
[Source "ChessBase"]
[SourceDate "2008.11.26"]
[SourceVersion "1"]
[SourceVersionDate "2008.11.26"]
[SourceQuality "1"]

1. e4 c5 2. c3 d6 3. d4 cxd4 4. cxd4 Nf6 5. Nc3 e6 6. Nf3 Be7 7. Bd3 0-0 8. 0-0 Nc6 9. Be3 d5 10. e5 Ne8 11. Qd2 f6 12. Rac1 fxe5 13. dxe5 d4 14. Nxd4 Nxd4 15. Bxd4 Kh8 16. Be3 Nc7 17. Ne2 Qd5 18. Rxc7 Bd8 19. Nc3 Qxe5 20. Rc5 Qd6 21. Rh5 Bc7 22. Bc5 Qc6 23. Bxf8 Kg8 24. Bb5 Qb6 25. Na4 Qa5 26. Bb4 Bf4 27. Bxa5 Bxd2 28. Bxd2 1-0